[Event "LSS SF-2009-0-00037"]
[Site "LSS email"]
[Date "2009.10.14"]
[Round "?"]
[White "Khramkov, Alexey Gennadievic"]
[Black "Barna, Tamas"]
[Result "0-1"]
[WhiteElo "1010"]
[BlackElo "1268"]
[PlyCount "51"]
[EventDate "2009.08.13"]
[EventType "tourn (corr)"]
[EventRounds "6"]
[EventCountry "GER"]
[SourceTitle "Telechess CBM 137"]
[Source "ChessBase"]
[SourceDate "2010.07.15"]
[SourceVersion "1"]
[SourceVersionDate "2010.07.15"]
[SourceQuality "1"]

1. e4 c5 2. f4 e6 3. Nf3 d6 4. Nc3 Nc6 5. d3 Nf6 6. h4 Be7 7. h5 h6 8. Nh2 Nd4 9. Be2 Qb6 10. g4 Bd7 11. e5 dxe5 12. fxe5 Nd5 13. Ne4 Nb4 14. c3 Ndc2+ 15. Kf1 Nxa1 16. cxb4 Qa6 17. d4 c4 18. Nd2 Rc8 19. a3 Ba4 20. Qe1 Nc2 21. Qf2 Bg5 22. Nhf3 Qc6 23. Kg2 Be3 24. Qf1 0-0 25. Nxc4 Bxc1 26. Qxc1 0-1

[Event "LSS No Engine Cup Gr07 prel 04 email"]
[Site "LSS email"]
[Date "2009.09.24"]
[Round "?"]
[White "Barna, Tamas"]
[Black "Grkinic, Goran"]
[Result "0-1"]
[WhiteElo "1318"]
[BlackElo "2129"]
[PlyCount "116"]
[EventDate "2009.09.25"]
[EventType "tourn (corr)"]
[EventRounds "6"]
[EventCountry "GER"]
[SourceTitle "Telechess CBM 137"]
[Source "ChessBase"]
[SourceDate "2010.07.15"]
[SourceVersion "1"]
[SourceVersionDate "2010.07.15"]
[SourceQuality "1"]

1. e4 d5 2. exd5 Nf6 3. Nf3 Nxd5 4. c4 Nb6 5. d4 g6 6. Nc3 Bg7 7. Be2 0-0 8. 0-0 Bg4 9. Be3 Nc6 10. b3 e5 11. Nxe5 Bxe2 12. Nxc6 Bxd1 13. Nxd8 Bxb3 14. axb3 Rfxd8 15. Ne2 c5 16. Rad1 cxd4 17. Bxd4 Nd7 18. b4 Bxd4 19. Rxd4 Ne5 20. Rfd1 Rxd4 21. Rxd4 b6 22. c5 Nc6 23. Rc4 b5 24. Rc1 Nxb4 25. Nd4 a6 26. Kf1 Kf8 27. Ke2 Re8+ 28. Kd2 Rd8 29. Ke3 Ke7 30. Rb1 Nd5+ 31. Kd2 Nf4 32. Kc3 Rc8 33. Re1+ Kf6 34. c6 Ne6 35. Rc1 Ke5 36. Re1+ Kd5 37. Nxe6 Rxc6+ 38. Kb4 Rxe6 39. Rc1 Re4+ 40. Kb3 a5 41. Rc7 Rf4 42. f3 a4+ 43. Ka3 h5 44. Rc8 Rc4 45. Rb8 Rc3+ 46. Kb2 Rb3+ 47. Ka2 Kc4 48. Rc8+ Kb4 49. f4 Rc3 50. Re8 Rc2+ 51. Kb1 Kb3 52. Re3+ Rc3 53. Re2 b4 54. h3 a3 55. Rf2 Re3 56. Rf1 a2+ 57. Ka1 Ka3 58. f5 b3 0-1

[Event "LSS OP-2009-0-00946"]
[Site "LSS email"]
[Date "2009.09.20"]
[Round "?"]
[White "Barna, Tamas"]
[Black "Bulgarini Torre, Marco"]
[Result "0-1"]
[WhiteElo "1273"]
[BlackElo "2006"]
[PlyCount "50"]
[EventDate "2009.09.16"]
[EventType "tourn (corr)"]
[EventRounds "4"]
[EventCountry "GER"]
[SourceTitle "Telechess CBM 137"]
[Source "ChessBase"]
[SourceDate "2010.07.15"]
[SourceVersion "1"]
[SourceVersionDate "2010.07.15"]
[SourceQuality "1"]

1. e4 e5 2. Nf3 Nc6 3. d4 exd4 4. Nxd4 Nf6 5. Nxc6 bxc6 6. Bg5 h6 7. Bh4 g5 8. Bg3 Nxe4 9. Qe2 Qe7 10. Bxc7 d5 11. Ba5 Bg7 12. c3 Rb8 13. a3 Rxb2 14. Qxb2 Nxc3+ 15. Be2 Nxe2 16. Qxe2 Bxa1 17. Qxe7+ Kxe7 18. Kd2 c5 19. Nc3 Bxc3+ 20. Bxc3 d4 21. Bb2 Bf5 22. Rc1 Rb8 23. Ba1 Kd6 24. f3 Rb3 25. a4 Ra3 0-1